| 000 | 00448nam a2200169Ia 4500 | ||
|---|---|---|---|
| 008 | 230524s9999 xx 000 0 und d | ||
| 020 | _a9788174092298 | ||
| 082 | _bJAI | ||
| 100 | _aA.K.Jain | ||
| 245 | 0 | _a"Planning,Design & Engineering of Sustainable Urban Transport & Systems" | |
| 250 | _a1 | ||
| 260 |
_aNew Delhi _bUniversities Press _c2015 |
||
| 300 | _a"VIII,656p;" | ||
| 500 | _aQuantity Number: 1 | ||
| 650 | _aCivil | ||
| 942 | _cBK | ||
| 999 |
_c57802 _d57802 |
||